Portfolio management : basic issues (Record no. 181606)

MARC details
000 -LEADER
fixed length control field 00465nam a2200169Ia 4500
005 - DATE AND TIME OF LATEST TRANSACTION
control field 20250415113424.0
008 - FIXED-LENGTH DATA ELEMENTS--GENERAL INFORMATION
fixed length control field 231217s9999 xx 000 0 und d
020 ## - INTERNATIONAL STANDARD BOOK NUMBER
International Standard Book Number 9788178812045
082 ## - DEWEY DECIMAL CLASSIFICATION NUMBER
Classification number 332.6 SEE2;1 R
100 ## - MAIN ENTRY--PERSONAL NAME
Personal name Seethapathi, K ed. Suryanarayana, A ed. Subbulakshmi, V ed.
245 #0 - TITLE STATEMENT
Title Portfolio management : basic issues
250 ## - EDITION STATEMENT
Edition statement 1st ed.
260 ## - PUBLICATION, DISTRIBUTION, ETC. (IMPRINT)
Date of publication, distribution, etc. 2002
Name of publisher, distributor, etc. ICFAI Press
Place of publication, distribution, etc. Hyderabad
300 ## - PHYSICAL DESCRIPTION
Extent vii, 202
650 ## - SUBJECT ADDED ENTRY--TOPICAL TERM
Topical term or geographic name as entry element ICFAI
942 ## - ADDED ENTRY ELEMENTS (KOHA)
Koha item type Books
Holdings
Date last seen Total Checkouts Full call number Accession number Old discount Cost, replacement price Price effective from Category Lost status Damaged status Department Withdrawn status bill no. bill date Permanent Location Current Location Shelving location Entry date Vendor Cost, normal purchase price Grants Currency symbol Conversion rate Discount Discount type
26/01/2024   332.6 SEE2;1 R 51321   125.00 26/01/2024 Books     Central Library   ICFAI/108/ICFAI/08-09/BLR 13/11/2011 Central Library Central Library Central Library 30/10/2008 ICFAI Press 125.00 MBA RS 1   Rupees
26/01/2024   332.6 SEE2;2 64416   38.00 26/01/2024 Books     Central Library   1993 25/02/2014 Central Library Central Library Central Library 16/08/2010 ICFAI Press 38.00 MBA RS 1   Rupees
26/01/2024   332.6 SEE2;3 64417   38.00 26/01/2024 Books     Central Library   1993 25/02/2014 Central Library Central Library Central Library 16/08/2010 ICFAI Press 38.00 MBA RS 1   Rupees

© For any Suggestions or Query, please contact the library staff @ librarian@pes.edu or Phone: +9180 2672 1983/ 2108.